| 000 | 00625nam0a2200241 4500 | ||
|---|---|---|---|
| 001 | RU\NLR\b_ik\167815 | ||
| 005 | 20250616230403.0 | ||
| 010 | _a978-5-94515-040-9 | ||
| 021 |
_aRU _b2008-5133 _9275 |
||
| 035 | _a(NLR Aleph) 002240578 | ||
| 090 |
_a3552568 _c3552568 |
||
| 100 | _a20080317d2007 |||y0rusy50 ca | ||
| 101 | 0 | _aita | |
| 102 | _aRU | ||
| 105 | _a||||||||||||| | ||
| 200 | 1 | _aLa luce blu | |
| 210 |
_aМосква _cРос. акад. естественных наук _d2007 |
||
| 215 | _d21 | ||
| 700 | 1 |
_aKarandashov _bV. _4070 |
|
| 801 | 0 |
_aRU _bNLR _c20080317 _gRCR |
|
| 942 | _cBOOK | ||
| 980 | _aNB | ||